000 00321nam a22001337a 4500
008 170505b xxu||||| |||| 00| 0 eng d
020 _a9780314923080
041 _aeng
080 _a34
100 _a14
101 _aSHJ
245 _aFEDERAL CIVIL JUDICAL PROCEDURES AND RULES
_cCOOLOTON.S.M
942 _2udc
_cBK
999 _c12804
_d12804